Songs by Synopsis - Statistics

General Stats
  • This quiz has been taken 26 times
  • The average score is 4 of 21
Answer Stats
Hint Answer % Correct
A song about a bands return to Soviet Russia Back in The USSR-The Beatles
59%
A song about an insane asylum in California Hotel California-Eagles
45%
A song about a stalker, and the girl he is tailing Every Breath You Take-The Police
41%
A song about a woman who purchased her passage to heaven Stairway to Heaven-Led Zeppelin
41%
A song about a young mans struggles with his own strangeness Creep-Radiohead
32%
A song about an old man seeing the good in the world for the first time. What a Wonderful World-Louis Armstrong
27%
A song about a astronauts feedback coming in through the radio Starman-David Bowie
23%
A song about a mans constant pressure to use drugs Bang a Gong-T Rex
14%
A crazed man who fell in love with a young girl Layla-Derek and the Dominoes
14%
A song about the desolation of young teens at Woodstock festival Baba O'Riley-The Who
9%
A song about the importance of a regular to small businesses Here Comes Your Man-Pixies
9%
A song about a psychotic woman trying to find love on the dance floor. Maniac-Michael Sembello
9%
A song about the writers relationship, and love for god My Sweet Lord-George Harrison
9%
A song about an african queen during WW2 Rhiannon-Fleetwood Mac
9%
A song about a preacher struggling to bring good faith on his followers. Shine a Light-Rolling Stones
9%
A song about a great love filling the air. Something In The Air-Thunderclap Newman
9%
A song about a young girl, who is too sweet for her lover Sweet Jane-The Velvet Underground
9%
A song about the writers difficulties with his quiet life The Sound of Silence-Simon and Garfunkel
9%
A song about an endearing man in a neighborhood. This Charming Man-The Smiths
9%
A song about a concentration camp, and the forced child labor carried out there. Wake Up-Arcade Fire
9%
A song about the innocence of school children friendship. We're Going to be Friends-The White Stripes
9%
No matching quizzes found
Score Distribution
Percent of People with Each Score
Percentile by Number Answered
Your Score History
You have not taken this quiz